|
|
|
|
| LEADER |
02187nam a22004575i 4500 |
| 001 |
978-0-306-47151-3 |
| 003 |
DE-He213 |
| 005 |
20151103121724.0 |
| 007 |
cr nn 008mamaa |
| 008 |
100301s2002 xxu| s |||| 0|eng d |
| 020 |
|
|
|a 9780306471513
|9 978-0-306-47151-3
|
| 024 |
7 |
|
|a 10.1007/b108086
|2 doi
|
| 040 |
|
|
|d GrThAP
|
| 050 |
|
4 |
|a BF1-990
|
| 072 |
|
7 |
|a JM
|2 bicssc
|
| 072 |
|
7 |
|a PSY000000
|2 bisacsh
|
| 082 |
0 |
4 |
|a 150
|2 23
|
| 100 |
1 |
|
|a Paranjpe, Anand C.
|e author.
|
| 245 |
1 |
0 |
|a Self and Identity in Modern Psychology and Indian Thought
|h [electronic resource] /
|c by Anand C. Paranjpe.
|
| 264 |
|
1 |
|a Boston, MA :
|b Springer US,
|c 2002.
|
| 300 |
|
|
|a XVIII, 416 p.
|b online resource.
|
| 336 |
|
|
|a text
|b txt
|2 rdacontent
|
| 337 |
|
|
|a computer
|b c
|2 rdamedia
|
| 338 |
|
|
|a online resource
|b cr
|2 rdacarrier
|
| 347 |
|
|
|a text file
|b PDF
|2 rda
|
| 490 |
1 |
|
|a Path in Psychology,
|x 1574-048X
|
| 505 |
0 |
|
|a The Context of Inquiry -- Person, Self, and Identity -- Two Perspectives on Person, Self, and Identity -- Self-as-Knower -- Self-as-enjoyer-sufferer -- Self-as-agent -- Person, Self, Identity, and Consciousness.
|
| 520 |
|
|
|a East meets West in this fascinating exploration of conceptions of personal identity in Indian philosophy and modern Euro-American psychology. Author Anand Paranjpe considers these two distinct traditions with regard to historical, disciplinary, and cultural `gaps' in the study of the self, and in the context of such theoretical perspectives as univocalism, relativism, and pluralism. The text includes a comparison of ideas on self as represented by two eminent thinkers-Erik H. Erikson for the Western view, and Advaita Vedanta for the Indian.
|
| 650 |
|
0 |
|a Psychology.
|
| 650 |
|
0 |
|a Social sciences.
|
| 650 |
1 |
4 |
|a Psychology.
|
| 650 |
2 |
4 |
|a Psychology, general.
|
| 650 |
2 |
4 |
|a Social Sciences, general.
|
| 710 |
2 |
|
|a SpringerLink (Online service)
|
| 773 |
0 |
|
|t Springer eBooks
|
| 776 |
0 |
8 |
|i Printed edition:
|z 9780306458446
|
| 830 |
|
0 |
|a Path in Psychology,
|x 1574-048X
|
| 856 |
4 |
0 |
|u http://dx.doi.org/10.1007/b108086
|z Full Text via HEAL-Link
|
| 912 |
|
|
|a ZDB-2-BHS
|
| 912 |
|
|
|a ZDB-2-BAE
|
| 950 |
|
|
|a Behavioral Science (Springer-11640)
|